Which Neighbor in That's Not My Neighbor. - Statistics

General Stats
  • This quiz has been taken 49 times
  • The average score is 19 of 20
Answer Stats
Question Answer % Correct
Big grey mustache with a black hat, has a monocle. Alf Cappuccin
100%
Square head with glasses and black combed hair. Dr. W. Afton
100%
Twin, mole on left cheek. Elenois Sverchzt
100%
Milkman. Francis Mosses
100%
Black hair with big lips and small yellow eyes. Gloria Schmicht
100%
They have a blue tie with a black trench coat, big smile with black hair. Izaack Gauss
100%
Long pink hair that covers their eyes. Has a hat. Lois Stilnsky
100%
Big mouth and smile with brow hair and a deviated eye. Margarette Bubbles
100%
Grey hair with a white hat. Mustache and goatee. Smokes. Mclooy Rudboys
100%
Big, long purple nose and they wear a hat. Roman Stilnsky
100%
Twin, mole on right cheek. Selenne Sverchzt
100%
Mohawk style haircut with glasses. Steven Rudboys
100%
Spiky-ish hair with a orange mustache. Albertsky Peachman
93%
Student with pigtails and tired eyes. Anastacha Mikaelys
93%
Purple suit and hat, with glorious mustache. Angus Ciprianni
93%
Black hair with a handlebar mustache, wears a hat. Arnold Schmicht
93%
Blond hair with freckles and big lips. Mia Stone
93%
Heterochromia. Nacha Mikaelys
86%
Black straight hair with bangs, long face with long eyes. Rafttellyn Cappuccin
86%
Big Nose with a orange goatee. Small eyes, no eyebrows. Robertsky Peachman
79%
No matching quizzes found
Score Distribution
Percent of People with Each Score
Percentile by Number Answered
Your Score History
You have not taken this quiz